Экономическое развитие Армении / (Record no. 393328)
[ view plain ]
| 000 -LEADER | |
|---|---|
| fixed length control field | 00947nam a2200205 a 4500 |
| 001 - CONTROL NUMBER | |
| control field | 000252285 |
| 003 - CONTROL NUMBER IDENTIFIER | |
| control field | AM-YeHGA |
| 005 - DATE AND TIME OF LATEST TRANSACTION | |
| control field | 20250618074743.0 |
| 008 - FIXED-LENGTH DATA ELEMENTS--GENERAL INFORMATION | |
| fixed length control field | 030805s1954 ai r 000 0 rus d |
| 040 ## - CATALOGING SOURCE | |
| Original cataloging agency | AM-YeHGA |
| 041 0# - LANGUAGE CODE | |
| Language code of text/sound track or separate title | rus |
| 090 ## - LOCALLY ASSIGNED LC-TYPE CALL NUMBER (OCLC); LOCAL CALL NUMBER (RLIN) | |
| -- | 395352 |
| 100 1# - MAIN ENTRY--PERSONAL NAME | |
| Personal name | Թումանյան, Հովհաննես Երանոսի, |
| Dates associated with a name | 1904-1968 |
| 9 (RLIN) | 1107 |
| 245 10 - TITLE STATEMENT | |
| Title | Экономическое развитие Армении / |
| Statement of responsibility, etc. | О.Е. Туманян. |
| 260 ## - PUBLICATION, DISTRIBUTION, ETC. | |
| Place of publication, distribution, etc. | Ереван : |
| Name of publisher, distributor, etc. | Армгосиздат, |
| Date of publication, distribution, etc. | 1954. |
| 300 ## - PHYSICAL DESCRIPTION | |
| Extent | В ч. ; |
| Dimensions | 21 см. |
| 504 ## - BIBLIOGRAPHY, ETC. NOTE | |
| Bibliography, etc. note | Библиогр.: с. 363-368 |
| 505 0# - FORMATTED CONTENTS NOTE | |
| Miscellaneous information | Ч. 1 (1954, 370 с.: табл.) : |
| Title | Экономическое развитие Армении со времени присоединения ее к России до установления Советской власти ; |
| Miscellaneous information | Ч. 2 (1956, 308 с.: табл.) : |
| Title | Советский период |
| 650 14 - SUBJECT ADDED ENTRY--TOPICAL TERM | |
| Topical term or geographic name entry element | Экономика |
| Geographic subdivision | Армения |
| Withdrawn status | Lost status | Source of classification or shelving scheme | Damaged status | Not for loan | Collection | Home library | Current library | Date acquired | Serial enumeration / chronology | Total checkouts | Full call number | Barcode | Date last seen | Price effective from | Koha item type | Public note |
|---|---|---|---|---|---|---|---|---|---|---|---|---|---|---|---|---|
| Universal Decimal Classification | Hovhannisian Individual Collection | Fundamental Scientific Library | Fundamental Scientific Library | 16/10/2017 | Ч. 1 | Иоан/742 | FL0456597 | 16/10/2017 | 16/10/2017 | Գրքեր / Books | ILL Non-Circ. | |||||
| Universal Decimal Classification | General | Fundamental Scientific Library | Fundamental Scientific Library | 15/04/2019 | Ч. 1 | РД II/59282 | FL0572775 | 15/04/2019 | 15/04/2019 | Գրքեր / Books | 30 Days Loan | |||||
| General | Fundamental Scientific Library | Fundamental Scientific Library | 24/05/2019 | Ч. 1 | РД II/61025 | FL0579991 | 24/05/2019 | 24/05/2019 | Գրքեր / Books | 30 Days Loan | ||||||
| General | Fundamental Scientific Library | Fundamental Scientific Library | 10/06/2019 | Ч. 1 | РД II/61716 | FL0582953 | 10/06/2019 | 10/06/2019 | Գրքեր / Books | 30 Days Loan | ||||||
| General | Fundamental Scientific Library | Fundamental Scientific Library | 17/06/2019 | Ч. 2 | РД II/62121 | FL0583346 | 17/06/2019 | 17/06/2019 | Գրքեր / Books | 30 Days Loan | ||||||
| General | Fundamental Scientific Library | Fundamental Scientific Library | 18/06/2019 | Ч. 1 | РД II/62144 | FL0583369 | 18/06/2019 | 18/06/2019 | Գրքեր / Books | 30 Days Loan |
ՀՀ Գիտությունների ազգային ակադեմիայի հիմնարար գիտական գրադարան = Fundamental Scientific Library of NAS RA
All site content, except where otherwise noted, is licensed under a